000 01511cam a22004097a 4500
001 10191336
003 OSt
005 20150408114228.0
006 m d
007 cr n
008 110423s2013 ne a sb 001 0 eng d
020 _a9789400717862
020 _a9789400717879 (electronic bk.)
020 _a9400717873 (electronic bk.)
020 _a9400717865
035 _a(WaSeSS)ssj0000741521
040 _aIXA
_beng
_cIXA
_dDLC
_dWaSeSS
042 _alccopycat
050 4 _aT174.7
_b.N34558 2013
050 4 _aT174.7
082 _223
_a612.8233
_bNAB
210 1 0 _aNanotechnology, the brain, and the future
245 0 0 _aNanotechnology, the brain, and the future
_h[electronic resource] /
_cSean A. Hays...editors.
260 _aDordrecht ;
_aNew York :
_bSpringer,
_cc2013.
490 1 _aYearbook of nanotechnology in society ;
_vv.3
504 _aIncludes bibliographical references and index.
506 _aLicense restrictions may limit access.
650 0 _aNanotechnology.
650 0 _aNanotechnology
_xPhilosophy.
650 0 _aNeurosciences
_xPhilosophy.
700 1 _aHays, Sean A.
773 0 _tSpringerLink ebooks - Humanities, Social Sciences and Law (2013)
830 0 _aYearbook of nanotechnology in society ;
_vv.3.
856 4 0 _uhttp://www.columbia.edu/cgi-bin/cul/resolve?clio10191336
_zFull text available from SpringerLink ebooks - Humanities, Social Sciences and Law (2013)
910 _aLibrary of Congress record
942 _2ddc
_cBOOK
999 _c36148
_d270648